000 00592nam a2200169 i 4500
001 bg
100 1 _aANTONOWICZ, Jerzy
245 0 _aChłodzenie gazu w przewodzie pierścieniowym przy dużych prędkościach przepływu /
_cJerzy Antonowicz.
260 _aWrocław,
_c1973.
490 1 _aPrace Naukowe Instytutu Inżynierii Chemicznej Politechniki Wrocławskiej ;
_v18
830 _aPrace Naukowe Instytutu Inżynierii Chemicznej Politechniki Wrocławskiej ;
040 _cBPK
041 _apol
080 _a661:621.1.01:533
942 _cKS
008 s pl f |000 0 pol
999 _c25983
_d25983
856 _uhttp://koha.tu.koszalin.pl/cgi-bin/koha/opac-detail.pl?biblionumber=25983
_yKatalog online BPK